000 00622nam a22002053a 4500
005 20251111063905.0
008 011024s2006 mx r 000 0 spa d
020 _a8449318793
035 _aUPN01000113463
049 _aCG
050 4 _aPN143
_bB8.3
100 1 _aBulat, Sergio
245 1 0 _aCoaching para escribir :
_bcómo evaluar tu obra para ser un mejor escritor /
_cSergio Bulat.
260 _aBarcelona, Esp. :
_bPaidós,
_cc2006.
300 _a143 p.
440 0 _aManuales de escritura ;
_v10
650 2 _aArte de escribir
_92551
650 2 _aCreación (literaria, artística, etc.)
_95738
905 _aLibro
999 _c87371
_d87371